000
00272nam a2200109Ia 4500
008
190914s9999||||xx |||||||||||||| ||und||
100
_a
Donald L.Brady
245
0
_a
Essential of International Marketing
260
_a
New Delhi
_b
Jaico
_c
1999
300
_a
366
942
_c
BK
999
_c
9276
_d
9276